000 01137nam a22002657a 4500
001 BD-DhSAU 9278
003 BD-DhSAU
005 20230206103659.0
008 150613b2018 bg a|||| m||| 00| 0 eng d
040 _aBD-DhSAU
082 _222
_a634.9
_bP654
100 _aPINGKI, ISRAT JAHAN
_eRegistration No. # 14-05890
245 _aImpact of planting time and nitrogen on growth and yield of tomato on rooftop garden /
_bMS thesis
260 _aSher-e-Bangla Agricultural University :
_bDepartment of Agroforestry And Environmental Science,
_c2021
300 _axi, 73p. :
_bill. ;
_c30 cm.
500 _aMS thesis of Department of Agroforestry And Environmental Science, Faculty of Agriculture , Sher-e-Bangla Agricultural University, Dhaka, Bangladesh
504 _aIncludes bibliographical reference.
590 _aNazmul
650 _aplanting time
650 _atomato on rooftop garden
700 _aProf. Dr. Md. Forhad Hossain
_eSuperviser
700 _aAssist. Prof. Abdul Halim
_eCo-superviser
856 _uhttp://archive.saulibrary.edu.bd:8080/xmlui/handle/123456789/4776
942 _2ddc
_cTHESIS
999 _c16565
_d16564